Κατάλογος Βιβλιοθηκών Mediterranean College

Popular Culture and Social Relations (Record no. 2461)

MARC details
000 -LEADER
fixed length control field 01508cam a22002174a 4500
005 - ΗΜΕΡΟΜΗΝΙΑ ΚΑΙ ΩΡΑ ΤΕΛΕΥΤΑΙΑΣ ΕΝΗΜΕΡΩΣΗΣ
Πεδίο ελέγχου 20250605164042.0
008 - FIXED-LENGTH DATA ELEMENTS--GENERAL INFORMATION
Πεδίο ελέγχου σταθερού μήκους 250528s ||||||||||||||||||||||||d
035 ## - SYSTEM CONTROL NUMBER
System control number 17020
020 ## - ISBN
ISBN 335151086
040 ## - ΠΗΓΗ ΚΑΤΑΛΟΓΟΓΡΑΦΗΣΗΣ
Φορέας πρωτότυπης καταλογογράφησης MC Athens Campus Library
Γλώσσα καταλογογράφησης Ελληνικά, Μοντέρνα (1453-)
Modifying agency MC Athens Campus Library
Κανόνες περιγραφικής καταλογογράφησης AACR2
245 1# - ΤΙΤΛΟΣ ΚΑΙ ΔΗΛΩΣΗ ΥΠΕΥΘΥΝΟΤΗΤΑΣ
Τίτλος Popular Culture and Social Relations
260 ## - PUBLICATION, DISTRIBUTION, ETC.
Name of publisher, distributor, etc. Open University Press,
Date of publication, distribution, etc. 1986
300 ## - PHYSICAL DESCRIPTION
Extent 244
520 ## - SUMMARY, ETC.
Summary, etc. A challenging and timely contribution to contemporary debates in the study of popular culture. Preface, Introduction: Popular Culture and ''the Turn to Gramsci'', Themes and Issues, The Politics of the ''Popular'' and Popular Culture, Popular Culture and the State, Complicit Pleasures, Popular Culture: Historical and Social Relations, The Tale of Samuel and Jemima: Gender and Working Class Culture in Early Nineteenth-Century England, ''Good Luck War Workers!'' Class and Politics and Entertainment in Wartime Broadcasting, The Dialectic of National Identity: The Glasgow Empire Exhibition of 1938, Hegemony and Ideology and Pleasure: Blackpool, Form and Ideology in Popular Culture, In the Groove or Blowing Your Mind? The Pleasures of Musical Repetition, That's Entertainment: The Resilience of Popular Forms, Fictions and Ideologies: The Case of Situation Comedy, ''This is not the boy Scouts'': Television Police Series and Definitions of Law and Order, Index.
700 1# - ΠΡΟΣΘΕΤΗ ΑΝΑΓΡΑΦΗ--ΦΥΣΙΚΟ ΠΡΟΣΩΠΟ
Personal name Bennett Tony
9 (RLIN) 3092
700 1# - ΠΡΟΣΘΕΤΗ ΑΝΑΓΡΑΦΗ--ΦΥΣΙΚΟ ΠΡΟΣΩΠΟ
Personal name Mercer Colin
9 (RLIN) 3150
700 1# - ΠΡΟΣΘΕΤΗ ΑΝΑΓΡΑΦΗ--ΦΥΣΙΚΟ ΠΡΟΣΩΠΟ
Personal name Woollacott Janet
9 (RLIN) 3151
942 ## - ADDED ENTRY ELEMENTS (KOHA)
Koha item type Books
Holdings
Τύπος τεκμηρίου Βιβλιοθήκη Τρέχουσα τοποθεσία Barcode Αριθμός εισαγωγής Ημερομηνία απόκτησης Ταξιθετικό σύμβολο Αριθμός αντιτύπου Κατάσταση απόσυρσης Κατάσταση χαμένου Κατάσταση κατεστραμμένου Μη δανεισμός Σύνολο δανεισμών Ημερομηνία τελευταίας εμφάνισης Η τιμή ισχύει από
Books MC Athens Campus Library MC Athens Campus Library 9780000024602 6733 05/06/2025 306/.1 BEN 1           05/06/2025 05/06/2025

MC Athens Campus Library
Πατησίων 94 & Κοδριγκτώνος 13, 104 34
Πελλήνης 8 & Πατησίων 107, 112 51
Τ: +30 210 8899600

MC Thessaloniki Campus Library
Ίωνος Δραγούμη 21, 54625 | Ίωνος Δραγούμη 15, 54625
Τ: +30 2310 287779 – Τ: +30 2314 440300